|
|
|
|
| LEADER |
01440ppm a22003258a 4500 |
| 001 |
00031300 |
| 005 |
20171026081025.0 |
| 008 |
131119s2009 ||||||viesd |
| 041 |
0 |
# |
|a vie
|
| 082 |
1 |
4 |
|b M458S
|a 373.11
|
| 100 |
1 |
# |
|a Tăng, Thị Kim Dung
|
| 245 |
0 |
0 |
|a Một số giải pháp nhằm nâng cao chất lượng hoạt động dạy học ở các trường trung học cơ sở trên địa bàn ven đô Thành phố Cao Lãnh, ĐỒng Tháp
|b Luận văn Thạc sĩ Giáo dục học. Chuyên ngành: Quản lý giáo dục. Mã số: 60.14.05
|c Tăng Thị Kim Dung; Nguyễn Thị Mỹ Trinh (hướng dẫn)
|
| 260 |
# |
# |
|a Vinh
|b Đại học Vinh
|c 2009
|
| 300 |
# |
# |
|a 98 tr + phụ lục.
|c 30cm.
|e bản tóm tắt
|
| 500 |
# |
# |
|a ĐTTTS ghi: Bộ giáo dục và đào tạo. Trường Đại học Vinh
|
| 653 |
# |
# |
|a Chất lượng
|a Trung học cơ sở
|
| 653 |
# |
# |
|a Cao Lãnh
|
| 653 |
# |
# |
|a Chất lượng dạy học
|
| 653 |
# |
# |
|a Đồng Tháp
|
| 653 |
# |
# |
|a Quản lý giáo dục
|
| 653 |
# |
# |
|a Luận văn
|
| 653 |
# |
# |
|a Giải pháp
|
| 700 |
1 |
|
|a Nguyễn, Thị Mỹ Trinh
|e Hướng dẫn
|
| 852 |
# |
# |
|j LV.0000400
|
| 852 |
# |
# |
|b Kho đọc SĐH
|j LV.0000400
|
| 910 |
|
|
|d 19/11/2013
|
| 980 |
# |
# |
|a Trung tâm Học liệu Lê Vũ Hùng, Trường Đại học Đồng Tháp
|